Pampa Bharata Prasanga (Record no. 240739)

MARC details
000 -LEADER
fixed length control field 02816nam a22002057a 4500
005 - DATE AND TIME OF LATEST TRANSACTION
control field 20251230105237.0
008 - FIXED-LENGTH DATA ELEMENTS--GENERAL INFORMATION
fixed length control field 251222b |||||||| |||| 00| 0 eng d
040 ## - CATALOGING SOURCE
Transcribing agency AL
041 ## - LANGUAGE CODE
Language code of text/sound track or separate title kan
082 ## - DEWEY DECIMAL CLASSIFICATION NUMBER
Classification number K894.2
Item number NAGP
100 ## - MAIN ENTRY--PERSONAL NAME
Personal name Nagaraja C P
100 ## - MAIN ENTRY--PERSONAL NAME
9 (RLIN) 249750
100 ## - MAIN ENTRY--PERSONAL NAME
9 (RLIN) 249674
Dates associated with a name ನಾಗರಾಜ ಸಿ ಪಿ
245 ## - TITLE STATEMENT
Title Pampa Bharata Prasanga
Remainder of title : ಪಂಪ ಭಾರತ ಪ್ರಸಂಗ
260 ## - PUBLICATION, DISTRIBUTION, ETC.
Place of publication, distribution, etc. Bengaluru
Name of publisher, distributor, etc. Nagu Smaraka Prakashana
Date of publication, distribution, etc. 2023
300 ## - PHYSICAL DESCRIPTION
Extent 493p
Other physical details HB
Dimensions 22.5x15cm
365 ## - TRADE PRICE
Source of price type code Kannada
Price type code 001
Price amount 467.50
Currency code
Unit of pricing ₹550.00
Price note 15%
Price effective from 11-12-2025
520 ## - SUMMARY, ETC.
Summary, etc. ‘ಪಂಪ ಭಾರತ ಪ್ರಸಂಗ’ ಸಿ.ಪಿ ನಾಗರಾಜ ಅವರ ಕೃತಿಯಾಗಿದೆ. ಪಂಪ ಕವಿಯ ವಿಕ್ರಮಾರ್ಜುನ ವಿಜಯ ಎಂಬ ಕೃತಿಯಲ್ಲಿ ಬರುವ ಕೆಲವು ಪ್ರಸಂಗಗಳನ್ನು ಸಿ.ಪಿ.ನಾಗರಾಜ ಅವರು ಆಯ್ದುಕೊಂಡು, ಓದುಗರು ಓದಲು ನೆರವಾಗುವಂತೆ ಬರೆದಿದ್ದಾರೆ. ಇವೆಲ್ಲ ಪ್ರಸಂಗಗಳು ಕೃತಿಯ ಪಾತ್ರಗಳ ನಡುವೆ ನಡೆಯುವ ಮಾತುಕತೆಗಳು, ಹಾಗಾಗಿ ಒಂದು ಬಗೆಯ ನಾಟಕೀಯ ಎನಿಸುವ ನೆಲೆಯಲ್ಲಿ ಇವೆ.<br/><br/>ಪಂಪನ ಈ ಕೃತಿಯು ಕನ್ನಡದ ಕಥನ ಪರಂಪರೆಯ ಚಹರೆಗಳನ್ನು ರೂಪಿಸಿಕೊಟ್ಟದೆ. ಆ ಮೊದಲು ಸಂಸ್ಕೃತ ನುಡಿಯಲ್ಲಿ ಇದ್ದ ಮಹಾಕಾವ್ಯಗಳ ಕಥನ ವಿಧಾನವು ಶ್ರವ್ಯಮಾನತೆಯನ್ನು ತನ್ನ ಚಹರೆಯನ್ನಾಗಿ ಇರಿಸಿಕೊಂಡಿತ್ತು. ಅಂದರೆ ಕಥನಗಳು ಕೇಳುವಿಕೆಯನ್ನು ಅವಲಂಬಿಸಿ ರೂಪುಗೊಂಡಿದ್ದವು. ಓದುವವರು ಓದಿ ಹೇಳುವಾಗ, ಕೇಳುವವರಿಗೆ ಕಾವ್ಯಗಳು ತಲುಪುತ್ತಿದ್ದವು.<br/><br/>ಕನ್ನಡದಲ್ಲಿ ಕಥನ ಪರಂಪರೆಯನ್ನು ಕಟ್ಟುವಾಗ ಪಂಪ ಶ್ರವ್ಯಮಾನತೆಯೊಡನೆ ದೃಶ್ಯಮಾನತೆಯನ್ನು ಸೇರ್ಪಡೆಗೊಲಿಸಿದ್ದಾನೆ. ಅಂದರೆ ಕಿವಿಗೆ ತಲುಪುವ ಜೊತೆಗೆ, ಕಣ್ಣಿಗೆ ಕಟ್ಟುವ ಹಾಗೆಯೂ ಇರಬೇಕು ಎಂಬುದೇ ಈ ಚಹರೆಯ ನೆಲೆಯಾಗಿದೆ. ಈ ಕೃತಿಯು ಹೊಸ ತಲೆಮಾರಿನ ಓದುಗರಿಗೆ ಪಂಪನನ್ನು ಹೆಚ್ಚು ಹತ್ತಿರಕ್ಕೆ ಒಯ್ಯಲು ನೆರವಾಗುತ್ತದೆ .
521 ## - TARGET AUDIENCE NOTE
Target audience note <br/>
942 ## - ADDED ENTRY ELEMENTS (KOHA)
Source of classification or shelving scheme Dewey Decimal Classification
Koha item type Book
Holdings
Withdrawn status Lost status Source of classification or shelving scheme Damaged status Not for loan Collection code Home library Current library Shelving location Date acquired Cost, normal purchase price Total Checkouts Full call number Barcode Date last seen Cost, replacement price Price effective from Koha item type
    Dewey Decimal Classification     Kannada St Aloysius Library St Aloysius Library Stack Section 12/17/2025 467.50   K894.2 NAGP 078018 12/22/2025 550.00 12/22/2025 Book